[Event "BPB Limburg open B"]
[Site "Maastricht"]
[Date "2014.06.07"]
[Round "2"]
[White "Holscher, Peter"]
[Black "Staudte, Rainer"]
[Result "1-0"]
[WhiteElo "2049"]
[BlackElo "1915"]
[PlyCount "103"]
[EventDate "2014.06.06"]
[EventType "swiss"]
[EventRounds "7"]
[EventCountry "NED"]
[Source "P.Boonen"]
[SourceDate "2014.10.10"]

1. d4 d5 2. Nf3 Nf6 3. c4 c6 4. Nbd2 Nbd7 5. g3 e6 6. Bg2 Bd6 7. O-O O-O 8. b3
Ne4 9. Nxe4 dxe4 10. Ne1 f5 11. f3 exf3 12. Nxf3 Nf6 13. Qd3 Ne4 14. Bf4 Be7
15. Rad1 Bf6 16. Be5 Qe7 17. Bxf6 Nxf6 18. Ne5 Bd7 19. Qe3 Be8 20. Nd3 Ng4 21.
Qf3 Qg5 22. Nf4 Bf7 23. e4 e5 24. dxe5 Nxe5 25. Qc3 fxe4 26. Bxe4 Rae8 27. Rde1
Ng6 28. Bxg6 Bxg6 29. Rxe8 Rxe8 30. Qd4 c5 31. Qd6 Bf7 32. Kg2 Qe7 33. Qxe7
Rxe7 34. h4 Rd7 35. Rf2 b6 36. g4 h6 37. Kg3 a6 38. g5 hxg5 39. hxg5 b5 40. g6
Be8 41. Re2 Rd8 42. Re5 bxc4 43. bxc4 Rc8 44. Kg4 Bd7+ 45. Kg5 Rc6 46. Re7 Rd6
47. Nh5 Kf8 48. Rf7+ Ke8 49. Nxg7+ Kd8 50. Nf5 Rd1 51. g7 Rg1+ 52. Kf6 1-0

[Event "BPB Limburg open B"]
[Site "Maastricht"]
[Date "2014.06.07"]
[Round "2"]
[White "Holwijn, Melvin"]
[Black "Van de Griend, Johan"]
[Result "0-1"]
[WhiteElo "1983"]
[BlackElo "1963"]
[PlyCount "96"]
[EventDate "2014.06.06"]
[EventType "swiss"]
[EventRounds "7"]
[EventCountry "NED"]
[Source "P.Boonen"]
[SourceDate "2014.10.10"]

1. Nf3 d5 2. d4 Nf6 3. c4 c6 4. Nc3 e6 5. cxd5 exd5 6. Qc2 Bb4 7. Nd2 O-O 8. e3
Re8 9. Bd3 Nbd7 10. O-O Nf8 11. Nf3 Bd6 12. Bf5 Bxf5 13. Qxf5 Qd7 14. Qxd7
N8xd7 15. Bd2 Ne4 16. Nxe4 dxe4 17. Ne1 f5 18. f3 Rf8 19. Nc2 Rae8 20. Bb4 Bxb4
21. Nxb4 a5 22. Nc2 Nb6 23. f4 Nd5 24. Kf2 Re6 25. Rfc1 g5 26. g3 Rh6 27. Rh1
gxf4 28. gxf4 Rf7 29. Rag1+ Rg7 30. Rg5 Rxg5 31. fxg5 Rh3 32. Kg2 Rf3 33. Rf1
Rxe3 34. Rf2 Rd3 35. Kf1 f4 36. a3 e3 37. Rf3 Rd2 38. Ne1 Rxd4 39. b3 Kg7 40.
h4 Kg6 41. Kg2 Rd2+ 42. Kh3 Kf5 43. Rf1 Rf2 44. Rg1 Rb2 45. Nf3 Ke4 46. Kg4 Rf2
47. Rc1 Rg2+ 48. Kh3 Rg3+ 0-1

[Event "BPB Limburg open B"]
[Site "Maastricht"]
[Date "2014.06.07"]
[Round "2"]
[White "Ismail, Tamer"]
[Black "Veelenturf, Wim"]
[Result "1-0"]
[WhiteElo "1873"]
[BlackElo "1741"]
[PlyCount "77"]
[EventDate "2014.06.06"]
[EventType "swiss"]
[EventRounds "7"]
[EventCountry "NED"]
[Source "P.Boonen"]
[SourceDate "2014.10.10"]

1. e4 c6 2. c4 e5 3. Nf3 d6 4. d4 Bg4 5. d5 Nf6 6. Nc3 cxd5 7. cxd5 Nbd7 8. Be3
Be7 9. Be2 O-O 10. O-O b6 11. b4 Rc8 12. Rc1 Nb8 13. Qd3 h6 14. a4 Nh7 15. Nd2
Bd7 16. Nb5 Bxb5 17. Qxb5 f5 18. exf5 Rxf5 19. Rxc8 Qxc8 20. Bg4 Nf6 21. Bxf5
Qxf5 22. a5 Qd7 23. Qxd7 Nbxd7 24. Nc4 Nxd5 25. Rb1 b5 26. Nd2 Nxe3 27. fxe3 d5
28. Nf3 Kf7 29. Ne1 e4 30. Nc2 Ne5 31. Nd4 a6 32. Rf1+ Bf6 33. Nxb5 axb5 34. a6
Nd7 35. a7 Nb6 36. Rc1 d4 37. Rc6 Na8 38. Rc8 Nb6 39. Rb8 1-0

[Event "BPB Limburg open B"]
[Site "Maastricht"]
[Date "2014.06.07"]
[Round "2"]
[White "Janse, Alexander"]
[Black "Seip, Rien"]
[Result "1/2-1/2"]
[WhiteElo "1584"]
[BlackElo "2005"]
[PlyCount "56"]
[EventDate "2014.06.06"]
[EventType "swiss"]
[EventRounds "7"]
[EventCountry "NED"]
[Source "P.Boonen"]
[SourceDate "2014.10.10"]

1. e4 e6 2. d4 d5 3. Nc3 Nf6 4. Bg5 Be7 5. e5 Nfd7 6. h4 c5 7. Bxe7 Kxe7 8. f4
cxd4 9. Qxd4 Qb6 10. Nf3 Nc6 11. Qxb6 Nxb6 12. O-O-O h5 13. Nb5 Bd7 14. Rh3 Nd8
15. Rg3 Bxb5 16. Bxb5 g6 17. b3 Rc8 18. Kb2 a6 19. Bf1 Nc6 20. Nd4 Nxd4 21.
Rxd4 Rc6 22. Rdd3 Rhc8 23. Rc3 d4 24. Rxc6 Rxc6 25. Rd3 Nd5 26. Rxd4 Ne3 27.
Bd3 Nd1+ 28. Kc1 Nc3 1/2-1/2

[Event "BPB Limburg open B"]
[Site "Maastricht"]
[Date "2014.06.07"]
[Round "2"]
[White "Jansen, Ingeborg"]
[Black "Londers, Jan"]
[Result "1-0"]
[WhiteElo "1842"]
[BlackElo "1890"]
[PlyCount "95"]
[EventDate "2014.06.06"]
[EventType "swiss"]
[EventRounds "7"]
[EventCountry "NED"]
[Source "P.Boonen"]
[SourceDate "2014.10.10"]

1. e4 c5 2. Nf3 d6 3. d3 g6 4. g3 Bg7 5. Bg2 Nc6 6. c3 Nf6 7. O-O O-O 8. Nbd2
Rb8 9. Nc4 b5 10. Ne3 Bb7 11. Qc2 d5 12. e5 Ne8 13. d4 cxd4 14. cxd4 f6 15. Qc5
e6 16. Ng4 h5 17. Nxf6+ Nxf6 18. exf6 Qxf6 19. Bf4 Rbc8 20. Qxb5 Ba8 21. Bh3
Rce8 22. Qd3 Nxd4 23. Nxd4 e5 24. Bxe5 Qxe5 25. Rad1 Kh7 26. b3 h4 27. Nf3 Qh5
28. Nxh4 Bf6 29. Nxg6 Kg7 30. Nxf8 Rxf8 31. Qf5 Qe8 32. Rfe1 Qc6 33. Qd7+ Qxd7
34. Bxd7 d4 35. Bh3 Bf3 36. Rd3 Bc6 37. Red1 Re8 38. Bg4 Rd8 39. f4 Be4 40.
R3d2 d3 41. Rc1 Bd4+ 42. Kf1 Be3 43. Rc7+ Kf6 44. Ke1 Re8 45. Kd1 Rg8 46. h3
Bf3+ 47. Bxf3 Rxg3 48. Rxd3 1-0

[Event "BPB Limburg open B"]
[Site "Maastricht"]
[Date "2014.06.07"]
[Round "2"]
[White "Kempen, Leon"]
[Black "Sinke, Wim"]
[Result "1-0"]
[WhiteElo "1957"]
[BlackElo "1874"]
[PlyCount "91"]
[EventDate "2014.06.06"]
[EventType "swiss"]
[EventRounds "7"]
[EventCountry "NED"]
[Source "P.Boonen"]
[SourceDate "2014.10.10"]

1. d4 d5 2. c4 c6 3. Nc3 Nf6 4. e3 Bf5 5. cxd5 Nxd5 6. Nge2 e6 7. e4 Nxc3 8.
Nxc3 Bg6 9. Be3 Nd7 10. f3 Qa5 11. Qd2 Bb4 12. a3 O-O 13. Rd1 Bxc3 14. Qxc3
Qxc3+ 15. bxc3 Rfe8 16. Kf2 Nb6 17. c4 f5 18. e5 Rad8 19. f4 Na4 20. Rc1 Bf7
21. Be2 c5 22. dxc5 Rc8 23. Rb1 Re7 24. Rb3 Nxc5 25. Bxc5 Rxc5 26. Rd1 Be8 27.
Rd8 Kf7 28. Ke3 Bc6 29. g3 Ra5 30. Bd3 Re8 31. Rxe8 Kxe8 32. Kd4 b6 33. Kc3 Kd7
34. Kb2 Kc7 35. g4 g6 36. gxf5 gxf5 37. Be2 Rc5 38. Rh3 b5 39. Rxh7+ Kb6 40.
Re7 bxc4 41. Rxe6 Rb5+ 42. Kc1 Kc5 43. Bxc4 Ra5 44. Bd3 Rxa3 45. Bxf5 Rf3 46.
Rxc6+ 1-0

[Event "BPB Limburg open B"]
[Site "Maastricht"]
[Date "2014.06.07"]
[Round "2"]
[White "Koelmans, Jan Willem"]
[Black "Ramaekers, Philippe"]
[Result "1-0"]
[WhiteElo "1948"]
[BlackElo "1893"]
[PlyCount "59"]
[EventDate "2014.06.06"]
[EventType "swiss"]
[EventRounds "7"]
[EventCountry "NED"]
[Source "P.Boonen"]
[SourceDate "2014.10.10"]

1. d4 f5 2. Nc3 Nf6 3. Bg5 d5 4. Bxf6 exf6 5. e3 Be6 6. Bd3 c6 7. Nge2 Bd6 8.
Ng3 g6 9. Qd2 Qc7 10. Nce2 Qb6 11. c3 Nd7 12. a4 a5 13. O-O O-O 14. Rfb1 c5 15.
dxc5 Nxc5 16. Nd4 f4 17. exf4 Bxf4 18. Qxf4 Nxd3 19. Qe3 Ne5 20. Nxe6 Qxe6 21.
f4 Rae8 22. fxe5 fxe5 23. Rf1 Rxf1+ 24. Rxf1 Qc6 25. Qf2 Qxa4 26. Qf7+ Kh8 27.
Qxd5 b6 28. b3 Qg4 29. Qf7 Qc8 30. Ne4 1-0

[Event "BPB Limburg open B"]
[Site "Maastricht"]
[Date "2014.06.07"]
[Round "2"]
[White "Kuciapa, Andre"]
[Black "De Feijter, Bas"]
[Result "1/2-1/2"]
[WhiteElo "1778"]
[BlackElo "1894"]
[PlyCount "88"]
[EventDate "2014.06.06"]
[EventType "swiss"]
[EventRounds "7"]
[EventCountry "NED"]
[Source "P.Boonen"]
[SourceDate "2014.10.10"]

1. e4 c5 2. Nf3 e6 3. d4 cxd4 4. Nxd4 a6 5. g3 Qc7 6. Bg2 Nf6 7. O-O d6 8. Nc3
Nbd7 9. Nb3 Be7 10. Be3 Ne5 11. Rb1 b5 12. Bf4 Bb7 13. Bxe5 dxe5 14. a3 O-O 15.
Qe2 Rac8 16. Ra1 b4 17. axb4 Bxb4 18. Na2 Be7 19. Nc3 Bb4 20. Na2 Bc5 21. Nxc5
Qxc5 22. Nc3 Qb4 23. Rfb1 Rfd8 24. Ra3 Rd7 25. Rb3 Qe7 26. Rd1 Rcd8 27. Rxd7
Rxd7 28. Bf1 Rd4 29. f3 g6 30. Qe3 Rb4 31. Qa7 Rxb3 32. cxb3 Qb4 33. Bxa6 Bxa6
34. Qxa6 Qxb3 35. Qb5 Qc2 36. Qxe5 Qc1+ 37. Kg2 Qxb2+ 38. Kh3 Nd7 39. Qd4 Nf8
40. Qd3 h5 41. Qe3 Nh7 42. e5 g5 43. Ne2 Qb1 44. Kg2 Kg7 1/2-1/2

[Event "BPB Limburg open B"]
[Site "Maastricht"]
[Date "2014.06.07"]
[Round "2"]
[White "Lex, Gereon"]
[Black "Van Wiele, Kurt"]
[Result "0-1"]
[WhiteElo "1764"]
[BlackElo "1880"]
[PlyCount "28"]
[EventDate "2014.06.06"]
[EventType "swiss"]
[EventRounds "7"]
[EventCountry "NED"]
[Source "P.Boonen"]
[SourceDate "2014.10.10"]

1. e4 Nc6 2. d4 e5 3. Nf3 exd4 4. Nxd4 Nf6 5. Nxc6 bxc6 6. e5 Qe7 7. Qe2 Nd5 8.
c4 Ba6 9. b3 g6 10. g3 Bg7 11. Qe4 f5 12. Qe2 Bxe5 13. Bg5 Nf6 14. Bxf6 Bxf6
0-1

[Event "BPB Limburg open B"]
[Site "Maastricht"]
[Date "2014.06.07"]
[Round "2"]
[White "Limbach, Torsten"]
[Black "Roefe, Detlef"]
[Result "0-1"]
[WhiteElo "1985"]
[BlackElo "1958"]
[PlyCount "34"]
[EventDate "2014.06.06"]
[EventType "swiss"]
[EventRounds "7"]
[EventCountry "NED"]
[Source "P.Boonen"]
[SourceDate "2014.10.10"]

1. c4 c5 2. g3 e6 3. Bg2 d6 4. Nc3 Nf6 5. Nf3 Be7 6. O-O O-O 7. d4 cxd4 8. Nxd4
a6 9. Nc2 Qc7 10. Ne3 Nbd7 11. b3 Rb8 12. Bb2 b6 13. Qd2 Bb7 14. Rfd1 Rfd8 15.
Rac1 Bxg2 16. Nxg2 Ne5 17. e4 Nf3+ 0-1

[Event "BPB Limburg open B"]
[Site "Maastricht"]
[Date "2014.06.07"]
[Round "2"]
[White "Loose, Rob"]
[Black "Esser, Thomas"]
[Result "1/2-1/2"]
[WhiteElo "1909"]
[BlackElo "1983"]
[PlyCount "70"]
[EventDate "2014.06.06"]
[EventType "swiss"]
[EventRounds "7"]
[EventCountry "NED"]
[Source "P.Boonen"]
[SourceDate "2014.10.10"]

1. e4 c5 2. Nf3 e6 3. d4 cxd4 4. Nxd4 Nf6 5. Nc3 Nc6 6. Ndb5 d6 7. Bf4 e5 8.
Bg5 a6 9. Na3 b5 10. Nd5 Be7 11. Bxf6 Bxf6 12. c3 Bg5 13. Nc2 Rb8 14. Bd3 O-O
15. Nce3 b4 16. O-O bxc3 17. bxc3 Bxe3 18. Nxe3 Qa5 19. Qe2 Qa3 20. Rac1 Be6
21. Bc4 Rb2 22. Rc2 Rxc2 23. Qxc2 Rb8 24. Bd5 Bxd5 25. exd5 Ne7 26. Rb1 Rxb1+
27. Qxb1 Nc8 28. c4 g6 29. g3 Qc5 30. Qb7 a5 31. Qd7 Nb6 32. Qd8+ Kg7 33. Ng4
Nxc4 34. Qf6+ Kf8 35. Qd8+ Kg7 1/2-1/2

[Event "BPB Limburg open B"]
[Site "Maastricht"]
[Date "2014.06.07"]
[Round "2"]
[White "Luig, Benjamin"]
[Black "Ibrahim, Ashraf"]
[Result "1/2-1/2"]
[WhiteElo "1844"]
[BlackElo "1794"]
[PlyCount "55"]
[EventDate "2014.06.06"]
[EventType "swiss"]
[EventRounds "7"]
[EventCountry "NED"]
[Source "P.Boonen"]
[SourceDate "2014.10.10"]

1. d4 Nf6 2. c4 e6 3. g3 d5 4. Nf3 c5 5. cxd5 Nxd5 6. e4 Nf6 7. Nc3 cxd4 8.
Qxd4 Bd7 9. e5 Nc6 10. Qf4 Nb4 11. Nd4 Bc6 12. Nxc6 Nc2+ 13. Ke2 bxc6 14. exf6
Nxa1 15. Qa4 Qb6 16. Bg2 Rc8 17. Bd2 gxf6 18. Rxa1 Bh6 19. Rd1 Qxb2 20. Qd4 O-O
21. Qxf6 Bg7 22. Qg5 Rfd8 23. Rb1 Rxd2+ 24. Qxd2 Qxc3 25. Qxc3 Bxc3 26. Rc1 Bd4
27. Rxc6 Rb8 28. Rc2 1/2-1/2

[Event "BPB Limburg open B"]
[Site "Maastricht"]
[Date "2014.06.07"]
[Round "2"]
[White "Marechal, Georges"]
[Black "Gorts, Sven"]
[Result "0-1"]
[WhiteElo "1755"]
[BlackElo "1916"]
[PlyCount "38"]
[EventDate "2014.06.06"]
[EventType "swiss"]
[EventRounds "7"]
[EventCountry "NED"]
[Source "P.Boonen"]
[SourceDate "2014.10.10"]

1. e4 c5 2. Nf3 d6 3. Bb5+ Nc6 4. O-O Bd7 5. d3 Nf6 6. b3 Rc8 7. Bb2 e5 8. Nbd2
Be7 9. Kh1 a6 10. Bxc6 Rxc6 11. a4 O-O 12. a5 Ne8 13. Nc4 f5 14. Nb6 Be6 15. c3
fxe4 16. dxe4 Bg4 17. Qd5+ Kh8 18. Nd2 Be2 19. f3 Nc7 0-1

[Event "BPB Limburg open B"]
[Site "Maastricht"]
[Date "2014.06.07"]
[Round "2"]
[White "Mestrom, Ton"]
[Black "Bhattacharjee, Sourav"]
[Result "0-1"]
[WhiteElo "1797"]
[BlackElo "1934"]
[PlyCount "56"]
[EventDate "2014.06.06"]
[EventType "swiss"]
[EventRounds "7"]
[EventCountry "NED"]
[Source "P.Boonen"]
[SourceDate "2014.10.10"]

1. d4 Nf6 2. c4 c5 3. d5 b5 4. cxb5 a6 5. e3 d6 6. Nf3 g6 7. Nc3 Bg7 8. Bd2 O-O
9. a4 Nbd7 10. Qb3 Nb6 11. a5 axb5 12. Bxb5 c4 13. Qc2 Nfxd5 14. Nxd5 Nxd5 15.
e4 c3 16. bxc3 Rxa5 17. Rb1 Nc7 18. c4 Nxb5 19. cxb5 Ra8 20. O-O Bb7 21. b6 Qd7
22. Rfc1 Rfc8 23. Qd3 Rxc1+ 24. Rxc1 Rc8 25. Rxc8+ Qxc8 26. Nd4 Qa8 27. Nb3
Bxe4 28. Qe3 Bxg2 0-1

[Event "BPB Limburg open B"]
[Site "Maastricht"]
[Date "2014.06.07"]
[Round "2"]
[White "Mestrom, Wolf"]
[Black "De Mey, Juan Pablo"]
[Result "0-1"]
[WhiteElo "1753"]
[BlackElo "1946"]
[PlyCount "76"]
[EventDate "2014.06.06"]
[EventType "swiss"]
[EventRounds "7"]
[EventCountry "NED"]
[Source "P.Boonen"]
[SourceDate "2014.10.10"]

1. d4 d6 2. c4 e5 3. d5 f5 4. e4 fxe4 5. Nc3 Qh4 6. g3 Qf6 7. Nxe4 Qg6 8. Bg2
Be7 9. Ne2 Nh6 10. O-O O-O 11. Bxh6 Qxh6 12. f4 Bg4 13. Bf3 Bf5 14. c5 Qg6 15.
cxd6 cxd6 16. Qa4 b5 17. Qxb5 Bxe4 18. Qd7 Bxf3 19. Rxf3 Qe4 20. Rf2 Na6 21.
Qxe7 Qxd5 22. Nc3 Qc6 23. Rd1 exf4 24. Qe6+ Kh8 25. Rxd6 Qc5 26. Na4 Qc1+ 27.
Rf1 Qc2 28. Rxa6 f3 29. Qh3 f2+ 30. Kh1 Rad8 31. Nc3 Qxb2 32. Rc6 Rde8 33. Qg2
Re1 34. Ne4 Qe2 35. Rc1 Rxc1 36. Rxc1 f1=Q+ 37. Rxf1 Rxf1+ 38. Qxf1 Qxf1# 0-1

[Event "BPB Limburg open B"]
[Site "Maastricht"]
[Date "2014.06.07"]
[Round "2"]
[White "Meyer, Stefan"]
[Black "Bieberle, Gerhart"]
[Result "1/2-1/2"]
[WhiteElo "1747"]
[BlackElo "1923"]
[PlyCount "93"]
[EventDate "2014.06.06"]
[EventType "swiss"]
[EventRounds "7"]
[EventCountry "NED"]
[Source "P.Boonen"]
[SourceDate "2014.10.10"]

1. d4 e6 2. c4 Nf6 3. Nc3 Bb4 4. Bg5 h6 5. Bh4 g5 6. Bg3 Ne4 7. Qc2 Nxg3 8.
hxg3 b6 9. Nf3 Bb7 10. O-O-O Qf6 11. e4 Bxc3 12. bxc3 Nc6 13. Nh2 O-O-O 14. Ng4
Qg7 15. Bd3 h5 16. Ne3 Ne7 17. Qe2 c5 18. e5 g4 19. Rh2 Nc6 20. Nc2 f5 21. Rdh1
Qf7 22. Qe3 Rdf8 23. Qg5 f4 24. Rxh5 Rxh5 25. Qxh5 fxg3 26. Qxf7 Rxf7 27. fxg3
Rf2 28. Rh4 Rxg2 29. Rxg4 Ne7 30. Rg7 Kd8 31. Ne3 Rxa2 32. Ng4 a5 33. Nf6 a4
34. Ne4 a3 35. Nd6 Ra1+ 36. Kc2 Bc6 37. Kb3 a2 38. Bh7 Rc1 39. Kxa2 Rxc3 40.
dxc5 bxc5 41. Kb2 Rf3 42. g4 Rf8 43. Nf7+ Kc7 44. Ng5 Kd8 45. Nf7+ Kc8 46. Nd6+
Kd8 47. Nf7+ 1/2-1/2

[Event "BPB Limburg open B"]
[Site "Maastricht"]
[Date "2014.06.07"]
[Round "2"]
[White "Mitran, Anthony Cris"]
[Black "Mertens, Andreas"]
[Result "0-1"]
[WhiteElo "1593"]
[BlackElo "1983"]
[PlyCount "116"]
[EventDate "2014.06.06"]
[EventType "swiss"]
[EventRounds "7"]
[EventCountry "NED"]
[Source "P.Boonen"]
[SourceDate "2014.10.10"]

1. d4 e6 2. c4 f5 3. g3 Nf6 4. Bg2 Bb4+ 5. Bd2 Bxd2+ 6. Nxd2 d5 7. Ngf3 Ne4 8.
Ne5 Nd7 9. Ndf3 Ndf6 10. O-O O-O 11. Rc1 c6 12. Qd3 a5 13. Nd2 Qe8 14. f3 Nxd2
15. Qxd2 Qh5 16. Nd3 g5 17. Nf2 g4 18. fxg4 Nxg4 19. Nxg4 Qxg4 20. Rf4 Qg7 21.
Qc3 b5 22. cxb5 cxb5 23. Qc6 Bd7 24. Qc3 Rfc8 25. Qd2 Rxc1+ 26. Qxc1 Rc8 27.
Qd2 b4 28. Rf1 Bb5 29. Rd1 Ba4 30. b3 Bb5 31. e3 Rc3 32. Rc1 Qc7 33. Rxc3 bxc3
34. Qc2 Bd3 35. Qc1 c2 36. Bf1 Qc3 37. Kf2 Be4 38. Bb5 Kf7 39. Ke2 h5 40. h4
Qb4 41. Bd3 Qc3 42. Bb5 Kg8 43. Ba6 Qc7 44. Bd3 Qc3 45. Bxe4 fxe4 46. Kf2 Qd3
47. Ke1 Kf7 48. Qd2 Ke7 49. Qc1 Qc3+ 50. Ke2 Kd7 51. Kf2 e5 52. dxe5 Ke6 53.
Ke2 Kxe5 54. Kf2 Kf5 55. Ke2 Kg4 56. Kf2 Qd3 57. Ke1 Kf3 58. Qd2 Qxe3+ 0-1

[Event "BPB Limburg open B"]
[Site "Maastricht"]
[Date "2014.06.07"]
[Round "2"]
[White "Moes, Waldemar"]
[Black "Van Doorn, Hans"]
[Result "1/2-1/2"]
[WhiteElo "2038"]
[BlackElo "1928"]
[PlyCount "52"]
[EventDate "2014.06.06"]
[EventType "swiss"]
[EventRounds "7"]
[EventCountry "NED"]
[Source "P.Boonen"]
[SourceDate "2014.10.10"]

1. e4 e6 2. d4 d5 3. Nd2 Nf6 4. e5 Nfd7 5. Bd3 c5 6. c3 Nc6 7. Ne2 Qb6 8. Nf3
f6 9. exf6 Nxf6 10. O-O Bd6 11. Bf4 Bxf4 12. Nxf4 Qc7 13. Qd2 O-O 14. g3 Bd7
15. Rae1 Rae8 16. Ne5 cxd4 17. cxd4 Nxe5 18. Rxe5 Qb6 19. Ree1 Ng4 20. Re2 Nh6
21. Kg2 Kh8 22. Bb1 Nf5 23. Bxf5 Rxf5 24. Qe3 Ref8 25. Rc1 Kg8 26. Rec2 e5
1/2-1/2

[Event "BPB Limburg open B"]
[Site "Maastricht"]
[Date "2014.06.07"]
[Round "2"]
[White "Moog, Gerhard"]
[Black "Zimmermann, Michael"]
[Result "1/2-1/2"]
[WhiteElo "1898"]
[BlackElo "1902"]
[PlyCount "105"]
[EventDate "2014.06.06"]
[EventType "swiss"]
[EventRounds "7"]
[EventCountry "NED"]
[Source "P.Boonen"]
[SourceDate "2014.10.10"]

1. e4 c5 2. Nf3 d6 3. d4 cxd4 4. Nxd4 Nf6 5. Nc3 a6 6. f3 e5 7. Nb3 Be6 8. Bg5
Be7 9. Qd2 Nbd7 10. O-O-O Qc7 11. Be3 b5 12. g4 h6 13. h4 Rc8 14. Rh2 Nc5 15.
Nxc5 dxc5 16. g5 Rd8 17. Qg2 hxg5 18. hxg5 Rxh2 19. Qxh2 Rxd1+ 20. Nxd1 Nd7 21.
Kb1 c4 22. c3 Qd6 23. Qd2 Nf8 24. Qxd6 Bxd6 25. Nf2 Nh7 26. Bh3 Ke7 27. Kc2 Nf8
28. Bf5 g6 29. Bg4 Bxg4 30. Nxg4 Ne6 31. b3 cxb3+ 32. axb3 Kd7 33. Nh6 Ke7 34.
Ng4 Ke8 35. b4 Kd7 36. Nh6 Nd8 37. Kd3 Ke6 38. Ng4 Be7 39. f4 exf4 40. Bxf4 Nc6
41. Nh6 Bd8 42. Ng4 Be7 43. Nh6 f6 44. gxf6 Bxf6 45. Ng4 Ne5+ 46. Bxe5 Bxe5 47.
c4 bxc4+ 48. Kxc4 Bd6 49. Kc3 Bf4 50. Kc4 g5 51. Kc5 Bd2 52. Kb6 Bxb4 53. Kxa6
1/2-1/2

[Event "BPB Limburg open B"]
[Site "Maastricht"]
[Date "2014.06.07"]
[Round "2"]
[White "Negues, Feyyaz"]
[Black "Passchyn, Maarten"]
[Result "1/2-1/2"]
[WhiteElo "1983"]
[BlackElo "1936"]
[PlyCount "32"]
[EventDate "2014.06.06"]
[EventType "swiss"]
[EventRounds "7"]
[EventCountry "NED"]
[Source "P.Boonen"]
[SourceDate "2014.10.10"]

1. Nf3 c5 2. c4 g6 3. d4 cxd4 4. Nxd4 Nc6 5. e4 Nf6 6. Nc3 d6 7. Be2 Nxd4 8.
Qxd4 Bg7 9. Be3 O-O 10. Qd2 Be6 11. Rc1 Qa5 12. f3 Rfc8 13. b3 Nd7 14. Nd5
Qxd2+ 15. Kxd2 Bxd5 16. exd5 a5 1/2-1/2

[Event "BPB Limburg open B"]
[Site "Maastricht"]
[Date "2014.06.07"]
[Round "2"]
[White "Orbons, Richard"]
[Black "Kuryliw, Ray"]
[Result "0-1"]
[WhiteElo "1758"]
[BlackElo "1884"]
[PlyCount "94"]
[EventDate "2014.06.06"]
[EventType "swiss"]
[EventRounds "7"]
[EventCountry "NED"]
[Source "P.Boonen"]
[SourceDate "2014.10.10"]

1. Nf3 d5 2. c4 c6 3. g3 dxc4 4. Na3 b5 5. Bg2 Bb7 6. O-O Nf6 7. Ne5 Qc7 8. d4
e6 9. b3 c3 10. Qd3 Nbd7 11. f4 Be7 12. f5 O-O 13. Nxf7 Kxf7 14. fxe6+ Kg8 15.
exd7 Qxd7 16. Qxc3 Nd5 17. Bxd5+ Qxd5 18. e4 Rxf1+ 19. Kxf1 Qf7+ 20. Kg1 b4 21.
Qc4 bxa3 22. Be3 Qxc4 23. bxc4 Ba6 24. Rc1 Rb8 25. d5 Rb4 26. e5 Rxc4 27. Rxc4
Bxc4 28. d6 Bd8 29. Bxa7 Bxa2 30. Bc5 Bd5 31. Bxa3 Bb6+ 32. Kf1 Kf7 33. Bb2 Ke6
34. Ke2 g5 35. Bc1 g4 36. Be3 Bd8 37. Bd4 Ba5 38. Ke3 Bf3 39. h4 h6 40. Kf2 Bb4
41. Be3 h5 42. Bf4 c5 43. Ke3 Bc6 44. Kd3 Kd5 45. Kc2 c4 46. Kd1 Bd7 47. Ke2
Bf5 0-1

[Event "BPB Limburg open B"]
[Site "Maastricht"]
[Date "2014.06.07"]
[Round "2"]
[White "Plug, Arjan"]
[Black "Fadavian, Marius"]
[Result "1/2-1/2"]
[WhiteElo "1893"]
[BlackElo "2040"]
[PlyCount "96"]
[EventDate "2014.06.06"]
[EventType "swiss"]
[EventRounds "7"]
[EventCountry "NED"]
[Source "P.Boonen"]
[SourceDate "2014.10.10"]

1. e4 c5 2. Nc3 Nc6 3. g3 g6 4. Bg2 Bg7 5. d3 e6 6. f4 Nge7 7. Nf3 O-O 8. O-O
b6 9. Be3 d5 10. Bf2 dxe4 11. dxe4 Ba6 12. Qxd8 Raxd8 13. Rfd1 Bxc3 14. bxc3
Bc4 15. a3 Be2 16. Rd2 Rxd2 17. Nxd2 Rd8 18. Be3 Na5 19. Kf2 Bb5 20. a4 Ba6 21.
Nb3 Nec6 22. Bf3 Kf8 23. e5 Bc4 24. Bxc6 Bxb3 25. cxb3 Nxc6 26. Ke2 Na5 27. b4
Nb3 28. Ra3 c4 29. a5 bxa5 30. Bc5+ Ke8 31. Bd6 axb4 32. cxb4 Nd4+ 33. Kd1 Nb5
34. Ra6 Kd7 35. Kc2 Kc8 36. Ra5 Nxd6 37. exd6 Kb7 38. Rb5+ Kc6 39. Rc5+ Kxd6
40. Rxc4 Rd7 41. Kb3 Rb7 42. Ka4 Rc7 43. Rd4+ Kc6 44. Rd8 Rd7 45. Rh8 h5 46.
Rf8 Kb6 47. Rb8+ Rb7 48. Rf8 Rd7 1/2-1/2

[Event "BPB Limburg open B"]
[Site "Maastricht"]
[Date "2014.06.07"]
[Round "2"]
[White "Rache, Ralf"]
[Black "Peeters, Joep"]
[Result "1-0"]
[WhiteElo "1832"]
[BlackElo "1786"]
[PlyCount "45"]
[EventDate "2014.06.06"]
[EventType "swiss"]
[EventRounds "7"]
[EventCountry "NED"]
[Source "P.Boonen"]
[SourceDate "2014.10.10"]

1. e4 e6 2. d4 d5 3. Nc3 Nf6 4. e5 Nfd7 5. f4 c5 6. Nf3 Nc6 7. Be3 Qb6 8. Qd2
cxd4 9. Nxd4 Nxd4 10. Bxd4 Qd8 11. Qf2 a6 12. Bd3 g6 13. O-O-O b5 14. h4 h5 15.
Kb1 Rg8 16. Rhf1 Nb8 17. Bb6 Qe7 18. Ne4 Bg7 19. Nd6+ Kd7 20. c4 f6 21. Qc5 Nc6
22. cxb5 axb5 23. Bxb5 1-0

[Event "BPB Limburg open B"]
[Site "Maastricht"]
[Date "2014.06.07"]
[Round "2"]
[White "Reichardt, Gert"]
[Black "Geboers, Jimmy"]
[Result "1-0"]
[WhiteElo "1872"]
[BlackElo "1907"]
[PlyCount "117"]
[EventDate "2014.06.06"]
[EventType "swiss"]
[EventRounds "7"]
[EventCountry "NED"]
[Source "P.Boonen"]
[SourceDate "2014.10.10"]

1. d4 Nf6 2. Bf4 e6 3. Nf3 d5 4. e3 c5 5. c3 Bd6 6. Bg3 O-O 7. Nbd2 b6 8. Bd3
Bb7 9. Ne5 Qc7 10. f4 Nbd7 11. Bh4 Ne8 12. Bb5 Nxe5 13. fxe5 Be7 14. Qg4 Bxh4+
15. Qxh4 f6 16. Qh3 Qe7 17. Nf3 cxd4 18. exd4 f5 19. O-O Nc7 20. Bd3 a5 21. Kh1
Ba6 22. Ne1 b5 23. g4 g6 24. gxf5 gxf5 25. Ng2 Kh8 26. Nf4 Qg5 27. Rf2 Qg4 28.
Qxg4 fxg4 29. Raf1 Kg8 30. Nh5 Rxf2 31. Rxf2 b4 32. Bxa6 Rxa6 33. Rf4 bxc3 34.
bxc3 Nb5 35. Nf6+ Kg7 36. Rxg4+ Kf7 37. Nxh7 Nxc3 38. Ng5+ Ke7 39. Rg2 Rb6 40.
Rc2 Rb1+ 41. Kg2 Nb5 42. Nf3 Rb4 43. Rc5 a4 44. Kg3 Nxd4 45. Nxd4 Rxd4 46. Rc7+
Kf8 47. Ra7 Re4 48. Kf3 Rxe5 49. Rxa4 Rh5 50. h4 Kf7 51. Kg4 Rh8 52. Rb4 e5 53.
Kf5 e4 54. Rb7+ Kg8 55. Rb8+ Kf7 56. Rxh8 e3 57. Rh7+ Kf8 58. Rb7 e2 59. Rb1
1-0

[Event "BPB Limburg open B"]
[Site "Maastricht"]
[Date "2014.06.07"]
[Round "2"]
[White "Rosenbrand, Stefan"]
[Black "Drose, Daniela"]
[Result "0-1"]
[WhiteElo "1706"]
[BlackElo "1952"]
[PlyCount "82"]
[EventDate "2014.06.06"]
[EventType "swiss"]
[EventRounds "7"]
[EventCountry "NED"]
[Source "P.Boonen"]
[SourceDate "2014.10.10"]

1. d4 Nf6 2. c4 e6 3. Nf3 d5 4. Bf4 c6 5. e3 Bb4+ 6. Nbd2 Nbd7 7. c5 Ne4 8. a3
Bxd2+ 9. Nxd2 Nxd2 10. Qxd2 e5 11. Bxe5 Nxe5 12. dxe5 O-O 13. Qd4 Re8 14. Be2
Qg5 15. O-O Bh3 16. Bf3 Re6 17. Kh1 Bf5 18. Qf4 Qg6 19. h4 h5 20. Rg1 Qh7 21.
Qg5 Rae8 22. g3 Rxe5 23. Qf4 Bh3 24. Bg2 Bg4 25. Rgf1 Qc2 26. Qd4 Qf5 27. Qf4
Qd3 28. Rac1 Be2 29. Rc3 Qd2 30. Qd4 Qxb2 31. Rfc1 Bg4 32. Qb4 Qxf2 33. e4 dxe4
34. Qxb7 Bf3 35. R1c2 Qf1+ 36. Kh2 Bxg2 37. Rxg2 e3 38. Qxc6 e2 39. Rf3 Qxg2+
40. Kxg2 e1=Q 41. Rxf7 Kxf7 0-1